| 000 | 00355cam a2200145ua 4500 | ||
|---|---|---|---|
| 041 |
_aeng _h |
||
| 082 |
_a823.308 _bSWI/GU |
||
| 100 | _aSwift, Jonathan . | ||
| 245 |
_aGulliver`s travels / _cJonathan swift. _hTextual Documents |
||
| 260 |
_a : _bGinn and company Ltd , _c1745. |
||
| 300 | _a152 ; . | ||
| 504 | _a | ||
| 942 | _cBK | ||
| 999 |
_c4725 _d4725 |
||